000 00257nam a22001217a 4500
008 170516b xxu||||| |||| 00| 0 eng d
041 _aeng
080 _a94
100 _a16
101 _aSHH
245 _aTHE DAY OF MAYSALUN
_cKHALDUN,A
942 _2udc
_cBK
999 _c13370
_d13370